[Event "GBR-ch U1900 op 105th"]
[Site "Hull"]
[Date "2018.08.01"]
[Round "3"]
[White "Jazdzewski, Daniel"]
[Black "Livesey, R Nigel"]
[Result "1-0"]
[WhiteElo "1800"]
[BlackElo "1746"]
[PlyCount "71"]
[EventDate "2018.07.30"]
[EventType "swiss"]
[EventRounds "5"]
[EventCountry "ENG"]
[SourceTitle "EXT 2021"]
[Source "ChessBase"]
[SourceDate "2020.10.23"]
[SourceVersion "1"]
[SourceVersionDate "2020.10.23"]
[SourceQuality "1"]

1. e4 c6 2. d3 d5 3. Nd2 Nf6 4. Ngf3 dxe4 5. dxe4 Bg4 6. h3 Bxf3 7. Qxf3 e5 8. Nc4 Qc7 9. Bg5 Nbd7 10. 0-0-0 Be7 11. Be2 0-0-0 12. Be3 Kb8 13. g4 Rhf8 14. g5 Ne8 15. Qh5 h6 16. gxh6 g6 17. Qf3 Nef6 18. Bg5 Ng8 19. Bxe7 Nxe7 20. h4 f5 21. h5 g5 22. Qa3 Nf6 23. Rxd8+ Rxd8 24. exf5 Nxf5 25. Qf3 Nd4 26. Qxf6 Nxe2+ 27. Kb1 e4 28. Qxg5 Qd7 29. Ne3 Qc7 30. a3 Qb6 31. Ka2 Qc7 32. Rd1 Qf7+ 33. Ka1 Rxd1+ 34. Nxd1 Qd7 35. Qg8+ Kc7 36. Qg7 1-0

[Event "BCF-ch U160"]
[Site "Coventry"]
[Date "2015.08.03"]
[Round "1"]
[White "Jazdzewski, Daniel"]
[Black "O'Gorman, Brendan"]
[Result "0-1"]
[WhiteElo "1872"]
[BlackElo "1787"]
[PlyCount "53"]
[EventDate "2015.08.03"]
[EventType "swiss"]
[EventRounds "5"]
[EventCountry "ENG"]
[SourceTitle "CBM 167 Extra"]
[Source "ChessBase"]
[SourceDate "2015.09.14"]
[SourceVersion "1"]
[SourceVersionDate "2015.09.14"]
[SourceQuality "1"]

1. f4 d5 2. Nf3 Nf6 3. b3 g6 4. Bb2 Bg7 5. e3 0-0 6. Be2 c5 7. d3 Nc6 8. h3 Nh5 9. Bxg7 Kxg7 10. g4 Ng3 11. Rg1 Nxe2 12. Qxe2 Qc7 13. Nbd2 Nb4 14. Nf1 d4 15. a3 Nd5 16. f5 e5 17. e4 Nf4 18. Qh2 Qa5+ 19. Kd1 Qc3 20. Rc1 f6 21. g5 Bd7 22. gxf6+ Kxf6 23. Qg3 Nxd3 24. cxd3 Qxb3+ 25. Kd2 Rae8 26. fxg6 Ba4 27. Qg5+ 0-1

[Event "BCF-ch U180"]
[Site "Aberystwyth"]
[Date "2014.07.21"]
[Round "1"]
[White "Turner, Tim M"]
[Black "Jazdzewski, Daniel"]
[Result "1/2-1/2"]
[WhiteElo "174"]
[BlackElo "161"]
[PlyCount "59"]
[EventDate "2014.07.21"]
[EventType "swiss"]
[EventRounds "5"]
[EventCountry "WLS"]
[SourceTitle "EXT 2017"]
[Source "ChessBase"]
[SourceDate "2016.10.25"]
[SourceVersion "1"]
[SourceVersionDate "2016.10.25"]
[SourceQuality "1"]

1. c4 Nf6 2. Nc3 d6 3. g3 g6 4. Bg2 Bg7 5. d3 0-0 6. e4 e5 7. Nge2 c5 8. 0-0 Nc6 9. f4 Ne8 10. Rb1 Bg4 11. h3 Bd7 12. Nd5 Nc7 13. Nec3 Nxd5 14. Nxd5 Re8 15. a3 Qc8 16. Kh2 Be6 17. b4 Bxd5 18. exd5 Nd4 19. bxc5 dxc5 20. fxe5 Bxe5 21. Bf4 Bxf4 22. Rxf4 Qd7 23. Re4 b6 24. Rb2 f5 25. Rxe8+ Rxe8 26. a4 Qd6 27. Qg1 f4 28. Be4 f3 29. Qf2 Rf8 30. a5 1/2-1/2

[Event "London Classic op-B U2000 5th"]
[Site "London"]
[Date "2013.12.13"]
[Round "1"]
[White "Jazdzewski, Daniel"]
[Black "Kelmendi, Bajrush"]
[Result "0-1"]
[WhiteElo "1840"]
[BlackElo "1984"]
[PlyCount "117"]
[EventDate "2013.12.13"]
[EventType "swiss"]
[EventRounds "5"]
[EventCountry "ENG"]
[SourceTitle "EXT 2016"]
[Source "ChessBase"]
[SourceDate "2015.10.08"]
[SourceVersion "1"]
[SourceVersionDate "2015.10.08"]
[SourceQuality "1"]

1. e4 g6 2. f4 Bg7 3. Nf3 b6 4. d4 Bb7 5. Nc3 e6 6. Be2 Ne7 7. 0-0 0-0 8. Be3 d5 9. e5 Nd7 10. Qd2 c5 11. Nb5 Ba6 12. Nd6 Bxe2 13. Qxe2 Qc7 14. Ng5 Nc8 15. Ndxf7 Rxf7 16. Nxf7 Kxf7 17. f5 gxf5 18. Qh5+ Kg8 19. Qe8+ Nf8 20. g4 cxd4 21. Bxd4 Qd7 22. Qxd7 Nxd7 23. gxf5 exf5 24. Rxf5 Ne7 25. Rg5 Ng6 26. Kh1 Ndxe5 27. Bxe5 Bxe5 28. h4 Bf6 29. Rxd5 Bxh4 30. Rd7 Be7 31. a4 a5 32. Rf1 Rc8 33. Rb7 Rxc2 34. Rxb6 Bb4 35. b3 Rc3 36. Rb7 Ne7 37. Rb1 Kf7 38. Kg2 Kf6 39. Rf1+ Kg6 40. Rf3 Rc2+ 41. Rf2 Rc6 42. Rf4 Rc2+ 43. Rf2 Rxf2+ 44. Kxf2 Kg5 45. Kf3 h5 46. Rb8 Ng6 47. Rb5+ Kh4 48. Ke4 Kg4 49. Ke3 h4 50. Rb8 Bc5+ 51. Ke2 h3 52. Kf1 Kf3 53. Rb7 h2 54. Rh7 Kg3 55. Rh5 Be3 56. Rh7 Nh4 57. Rxh4 Kxh4 58. Kg2 Bg1 59. Kh1 0-1

[Event "Hinckley e2e4 Major op"]
[Site "Hinckley Island"]
[Date "2012.08.26"]
[Round "4"]
[White "Jazdzewski, Daniel"]
[Black "Riley, Simon"]
[Result "1/2-1/2"]
[WhiteElo "1878"]
[BlackElo "1758"]
[PlyCount "83"]
[EventDate "2012.08.24"]
[EventType "swiss"]
[EventRounds "7"]
[EventCountry "ENG"]
[SourceTitle "EXT 2014"]
[Source "ChessBase"]
[SourceDate "2013.11.20"]
[SourceVersion "1"]
[SourceVersionDate "2013.11.20"]
[SourceQuality "1"]

1. f4 e5 2. fxe5 d6 3. Nc3 dxe5 4. e4 Bd6 5. Bc4 Nf6 6. d3 0-0 7. Bg5 Bb4 8. Nf3 Bxc3+ 9. bxc3 Bg4 10. 0-0 Nbd7 11. Qe1 Bxf3 12. Rxf3 h6 13. Bh4 g5 14. Bf2 Ne8 15. Qe3 Nd6 16. Bb3 c5 17. Rg3 Kh7 18. h4 f6 19. hxg5 hxg5 20. Rh3+ Kg7 21. Be6 b6 22. g4 Qe7 23. Bd5 Rac8 24. Kg2 Rh8 25. Rah1 Nb5 26. Be1 Nc7 27. Bb3 Ne6 28. Bg3 Rxh3 29. Rxh3 Nf4+ 30. Bxf4 exf4 31. Qg1 Rh8 32. Rxh8 Kxh8 33. Qh2+ Qh7 34. Qxh7+ Kxh7 35. d4 Kg7 36. Ba4 Nf8 37. Be8 Ne6 38. Bd7 Kf7 39. Bxe6+ Kxe6 40. d5+ Kd6 41. c4 a6 42. a4 1/2-1/2